Dunia bukan Syurga

Bibliographic Details
Main Author: Azizi Haji Abdullah
Other Authors: Azman Yusof , ill
Format: Book
Published: Kuala Lumpur : Creative Enterprise , 1993
Series:Novel creative
Subjects:

MARC

LEADER 00000cam a2200000 7i4500
001 0000003601
002 000003875
005 20000330.0
020 |a 9838931063 
090 0 0 |a F   |b AZI 
100 0 |a Azizi Haji Abdullah 
245 1 0 |a Dunia bukan Syurga   |c Azizi Hj Abdullah 
260 |a Kuala Lumpur :   |b Creative Enterprise ,   |c 1993 
300 |a 332p. ;   |c 18cm. 
490 0 |a Novel creative 
650 0 0 |a Malay fiction 
700 0 |a Azman Yusof ,   |c ill 
999 |a 031866   |b BUKU   |c FICTION   |e PERPUSTAKAAN KOMUNITI PETALING JAYA 
999 |a 031867   |b BUKU   |c FICTION   |e PERPUSTAKAAN KOMUNITI PETALING JAYA 
999 |a 031868   |b BUKU   |c FICTION   |e PERPUSTAKAAN KOMUNITI PETALING JAYA 
999 |a 039549   |b BUKU   |c PINJAMAN   |e PERPUSTAKAAN KOMUNITI PETALING JAYA 
999 |a 044696   |b BUKU   |c FICTION   |e PERPUSTAKAAN KOMUNITI CAW KOTA DAMANSARA 
999 |a 044698   |b BUKU   |c FICTION   |e PERPUSTAKAAN KOMUNITI CAW KOTA DAMANSARA